| 000 | 00485nam a2200157 i 4500 | ||
|---|---|---|---|
| 001 | 128672 | ||
| 003 | ES-MaACL | ||
| 005 | 20230906193335.0 | ||
| 007 | t| | ||
| 008 | 070523s1921 fr ||||1| fre d | ||
| 100 | 1 |
_aTanquerey, Frédéric Joseph. _9109209 |
|
| 245 | 1 | 0 |
_aPlaintes de la Vierge en anglo français _b: (XIII et XIV siecles) / _cF.J. Tanquerey. |
| 260 |
_aParís : _b[s.n.], _c1921 ( _fMacon Protat Fréres) |
||
| 300 |
_a182 p. ; _c19 cm. |
||
| 852 |
_aES-MaACL _jF-12844 |
||
| 999 |
_c128672 _d128672 |
||